Tous les joueurs du Borussia Dortmund depuis 2010 - Statistiques

Statistiques générales
  • Ce quiz a été pris 27 fois
    5 depuis la dernière actualisation
  • Le résultat moyen est 66 sur 134
Statistiques - réponses
Poste(s) Nationalité Saison(s) Réponse % Correct
Défenseur Maroc 2018-2020 Achraf Hakimi
100%
Milieu Allemagne 2011-2016 İlkay Gündoğan
100%
Milieu Angleterre 2017-20212024-2024 Jadon Sancho
100%
Milieu Allemagne 2012-2024 Marco Reus
100%
Défenseur Allemagne 2008-20162019- Mats Hummels
100%
Défenseur Serbie 2008-2018 Neven Subotić
100%
Défenseur Allemagne 2022- Nico Schlotterbeck
100%
Défenseur Allemagne 2019-2023 Nico Schulz
100%
Milieu/attaquant France 2016-2017 Ousmane Dembélé
100%
Attaquant Gabon 2013-2018 Pierre-Emerick Aubameyang
100%
Défenseur/milieu Portugal 2016-2023 Raphaël Guerreiro
100%
Gardien Suisse 2015-2022 Roman Bürki
100%
Gardien Allemagne 2002-2018 Roman Weidenfeller
100%
Attaquant Côte d'Ivoire 2022- Sébastien Haller
100%
Défenseur Belgique 2020-2024 Thomas Meunier
100%
Défenseur Sénégal 2018-2019 Abdou Diallo
75%
Gardien Allemagne 2022- Alexander Meyer
75%
Milieu Belgique 2018-2022 Axel Witsel
75%
Milieu/attaquant Etats-Unis 2016-2019 Christian Pulisic
75%
Attaquant Italie 2014-2016 Ciro Immobile
75%
Défenseur France 2017-2022 Dan-Axel Zagadou
75%
Attaquant Pays-Bas 2021- Donyell Malen
75%
Milieu Allemagne 2020- Emre Can
75%
Attaquant Turquie 2016-2017 Emre Mor
75%
Attaquant Norvège 2020-2022 Erling Haaland
75%
Gardien Suisse 2021- Gregor Kobel
75%
Milieu Arménie 2013-2016 Henrikh Mkhitaryan
75%
Milieu Croatie 2011-2013 Ivan Perišić
75%
Milieu Angleterre 2020-2023 Jude Bellingham
75%
Milieu/attaquant Allemagne 2019- Julian Brandt
75%
Défenseur Norvège 2023- Julian Ryerson
75%
Milieu Allemagne 2015-2020 Julian Weigl
75%
Attaquant Belgique 2023- Julien Duranville
75%
Défenseur Pologne 2010-2021 Łukasz Piszczek
75%
Milieu Allemagne 2017-2023 Mahmoud Dahoud
75%
Défenseur Suisse 2018-2022 Manuel Akanji
75%
Défenseur Allemagne 2008-2022 Marcel Schmelzer
75%
Milieu Allemagne 2009-20132016-2020 Mario Götze
75%
Défenseur Allemagne 2014-2017 Matthias Ginter
75%
Attaquant Allemagne 2023-2024 Niclas Füllkrug
75%
Attaquant Espagne 2018-2020 Paco Alcácer
75%
Défenseur Algérie 2023- Ramy Bensebaïni
75%
Attaquant Pologne 2010-2014 Robert Lewandowski
75%
Milieu Japon 2010-20122014-2019 Shinji Kagawa
75%
Défenseur Grèce 2013-2018 Sokrátis
75%
Milieu Belgique 2019-2023 Thorgan Hazard
75%
Attaquant Colombie 2014-2017 Adrián Ramos
50%
Attaquant Suède 2017-2019 Alexander Isak
50%
Milieu/attaquant Allemagne 2016-2020 André Schürrle
50%
Attaquant Ukraine 2017-2018 Andriy Yarmolenko
50%
Attaquant France 2022-2023 Anthony Modeste
50%
Défenseur Allemagne 2013-2018 Erik Durm
50%
Défenseur Brésil 2008-2013 Felipe Santana
50%
Milieu Etats-Unis 2020- Giovanni Reyna
50%
Milieu Allemagne 2015-2018 Gonzalo Castro
50%
Milieu Danemark 2017-2020 Jacob Bruun Larsen
50%
Milieu Pologne 2007-2016 Jakub Błaszczykowski
50%
Milieu/attaquant Angleterre 2021- Jamie Bynoe-Gittens
50%
Attaquant Allemagne 2012-2014 Julian Schieber
50%
Attaquant Allemagne 2022- Karim Adeyemi
50%
Milieu Allemagne 2009-2015 Kevin Großkreutz
50%
Milieu Slovénie 2014-2015 Kevin Kampl
50%
Défenseur Argentine 2019-2020 Leonardo Balerdi
50%
Attaquant Paraguay 2009-2012 Lucas Barrios
50%
Défenseur Espagne 2016-2018 Marc Bartra
50%
Milieu Autriche 2023- Marcel Sabitzer
50%
Gardien Suisse 2018-2022 Marwin Hitz
50%
Défenseur Espagne 2019- Mateu Morey
50%
Attaquant Belgique 2017-2018 Michy Batshuayi
50%
Défenseur/milieu Espagne 2016-2017 Mikel Merino
50%
Milieu Serbie 2014-2015 Miloš Jojić
50%
Gardien Australie 2010-2015 Mitchell Langerak
50%
Attaquant Egypte 2008-2012 Mohamed Zidan
50%
Milieu Turquie 2005-20112013-2018 Nuri Şahin
50%
Défenseur Turquie 2017-2020 Ömer Toprak
50%
Milieu Allemagne 2024- Pascal Groß
50%
Milieu Brésil 2020-2022 Reinier
50%
Milieu Turquie 2022- Salih Özcan
50%
Milieu Allemagne 2002-2015 Sebastian Kehl
50%
Attaquant Guinée 2024- Serhou Guirassy
50%
Défenseur France 2022- Soumaïla Coulibaly
50%
Milieu Allemagne 2009-2017 Sven Bender
50%
Milieu Danemark 2018-2021 Thomas Delaney
50%
Défenseur Allemagne 2024- Waldemar Anton
50%
Défenseur Brésil 2024- Yan Couto
50%
Attaquant Allemagne 2020- Youssoufa Moukoko
50%
Milieu/attaquant Belgique 2015-2016 Adnan Januzaj
25%
Milieu/attaque Allemagne 2020-2023 Ansgar Knauff
25%
Milieu Brésil 2010-2012 Antônio da Silva
25%
Défenseur Allemagne 2021- Antonios Papadopoulos
25%
Défenseur Brésil 1998-2011 Dedê
25%
Milieu Allemagne 2023- Felix Nmecha
25%
Défenseur Allemagne 2016-2023 Felix Passlack
25%
Défenseur/milieu Pays-Bas 2024-2024 Ian Maatsen
25%
Milieu Pays-Bas 2020-2022 Immanuel Pherai
25%
Défenseur Allemagne 2017-2021 Jeremy Toljan
25%
Milieu/attaquant Allemagne 2022-2023 Justin Njinmah
25%
Milieu Allemagne 2024- Kjell Wätjen
25%
Défenseur Etats-Unis 2021-2022 Lennard Maloney
25%
Milieu Croatie 2021-2023 Marco Pašalić
25%
Défenseur Allemagne 2013-2016 Marian Sarr
25%
Défenseur Croatie 2021-2022 Marin Pongračić
25%
Défenseur Allemagne 2018-2024 Marius Wolf
25%
Attaquant Allemagne 2012-2016 Marvin Ducksch
25%
Attaquant Allemagne 2017-2019 Maximilian Philipp
25%
Milieu Allemagne 2011-2016 Moritz Leitner
25%
Milieu/attaquant Allemagne 2023- Ole Pohlmann
25%
Défenseur Corée du sud 2015-2017 Park Joo-ho
25%
Défenseur Allemagne 2008-2013 Patrick Owomoyela
25%
Milieu Allemagne 2016-2019 Sebastian Rode
25%
Attaquant Allemagne 2020-2022 Steffen Tigges
25%
Milieu Allemagne 2020-2021 Tobias Raschl
25%
Défenseur Allemagne 2021-2024 Tom Rothe
25%
Attaquant Hongrie 2012-2014 Bálint Bajner
0%
Défenseur/milieu Allemagne 2011-2013 Chris Löwe
0%
Attaquant Bulgarie 2009-2012 Dimitar Rangelov
0%
Défenseur/milieu Allemagne 2016-2020 Dženis Burnić
0%
Milieu Allemagne 2000-2012 Florian Kringe
0%
Défenseur Allemagne 2017-2018 Jan-Niklas Beste
0%
Milieu Tunisie 2013-2015 Jeremy Dudziak
0%
Milieu États-Unis 2014-2016 Joe Gyau
0%
Milieu Allemagne 2011-2015 Jonas Hofmann
0%
Défenseur Allemagne 2013-2014 Koray Günter
0%
Milieu Brésil 2012-2013 Leonardo Bittencourt
0%
Défenseur Allemagne 2022- Lion Semic
0%
Défenseur/milieu Allemagne 2013-2014 Manuel Friedrich
0%
Milieu Allemagne 2010-2012 Marco Stiepermann
0%
Milieu Allemagne 2009-2011 Markus Feulner
0%
Milieu Japon 2014-2015 Mitsuru Maruoka
0%
Milieu Allemagne 2012-2015 Oliver Kirch
0%
Défenseur Allemagne 2015-2016 Pascal Stenzel
0%
Attaquant Allemagne 2023- Samuel Bamba
0%
Milieu Espagne 2018-2021 Sergio Gómez
0%
Aucun quiz correspondant
Distribution des résultats
% des personnes avec chaque résultat
Percentile par nombre de réponses
Votre historique - résultats
Vous n’avez pas pris ce quiz depuis la dernière actualisation